Normal view MARC view
  • Arshad, Sahar

Entry Personal Name

Number of records used in: 2

001 - CONTROL NUMBER

  • control field: 16299

003 - CONTROL NUMBER IDENTIFIER

  • control field: NUST

005 - DATE AND TIME OF LATEST TRANSACTION

  • control field: 20190702061755.0

008 - FIXED-LENGTH DATA ELEMENTS

  • fixed length control field: 190702|| aca||aabn | a|a d

040 ## - CATALOGING SOURCE

  • Original cataloging agency: NUST
  • Transcribing agency: NUST

100 ## - HEADING--PERSONAL NAME

  • Personal name: Arshad, Sahar

670 ## - SOURCE DATA FOUND

  • Source citation: Work cat.: (NUST): Arshad, Sahar, Broker based QoS Centric Federated Cloud Framework with Financial Options /, 2015.
© 2023 Central Library, National University of Sciences and Technology. All Rights Reserved.